CAPOCANNONIERI DI OGNI SQUADRA DI SERIE A 22-23 - Statistics

Statistiche generali
  • Questo quiz è stato fatto 356 volte
  • Il punteggio medio è 12 su 20
Statistiche sulle risposte
Hint Risposta % Corretto
LAZIO IMMOBILE
90%
JUVE VLAHOVIC
90%
MILAN LEAO
86%
SASSUOLO BERARDI
82%
NAPOLI OSIMHEN
82%
INTER MARTINEZ
78%
ROMA DYBALA
75%
BOLOGNA ORSOLINI
69%
SALERNITANA DIA
67%
ATALANTA LOOKMAN
64%
SPEZIA NZOLA
62%
TORINO SANABRIA
55%
EMPOLI CAMBIAGHI | CAPUTO
53%
UDINESE BETO
46%
FIORENTINA CABRAL
43%
SAMPDORIA GABBIADINI
32%
LECCCE STREFEZZA
32%
CREMONESE CIOFANI
29%
MONZA CIURRIA | AUGUSTO
27%
HELLAS VERONA NGONGE | VERDI
26%
Nessun quiz corrispondente trovato
Distribuzione punteggi
Percentuale di utenti per punteggio
Percentile per numero di risposta
I tuoi punteggi nel tempo
Non hai fatto questo quiz